| 000 | 00594nam a2200205 i 4500 | ||
|---|---|---|---|
| 001 | 88226 | ||
| 003 | ES-MaACL | ||
| 005 | 20230906175825.0 | ||
| 007 | t| | ||
| 008 | 050103s1953 sp ||||1| spa d | ||
| 100 | 1 |
_aLaiglesia, Álvaro de. _969667 |
|
| 245 | 1 | 0 |
_aSe prohibe llorar / _cAlvaro de Laiglesia. |
| 250 | _a[1ª ed.]. | ||
| 260 |
_aBarcelona : _bPlaneta, _c[1953] ( _fHorta) |
||
| 300 |
_a389 p. ; _c20 cm. |
||
| 490 | 1 | _aAutores españoles contemporáneos | |
| 830 | 0 |
_aAutores españoles contemporáneos _9180811 |
|
| 852 |
_aES-MaACL _jC-8221 _bR.36118 |
||
| 999 |
_c88226 _d88226 |
||